| 000 | 00532nam a22001577a 4500 | ||
|---|---|---|---|
| 003 | NUST | ||
| 082 | _a621 | ||
| 100 |
_aRaja ,Adil Abid _9122306 |
||
| 245 |
_aBuckling Analysis of Composite Cylindrical Shells with Multiple Cutouts / _cAdil Abid Raja |
||
| 264 |
_aIslamabad: _bSMME- NUST. _c2020. |
||
| 300 |
_a57p .; _bSoft Copy, _c30cm. |
||
| 650 |
_aMS Mechanical Engineering _9119495 |
||
| 700 |
_aSupervisor : Dr.Zaib Ali _9119496 |
||
| 856 | _uhttp://10.250.8.41:8080/xmlui/handle/123456789/23958 | ||
| 942 |
_2ddc _cTHE |
||
| 999 |
_c608812 _d608812 |
||